| 000 | 01143nam a2200313Ia 4500 | ||
|---|---|---|---|
| 001 | ebr10015112 | ||
| 003 | CaPaEBR | ||
| 006 | m u | ||
| 007 | cr cn||||||||| | ||
| 008 | 030208s2001 enk s 000 1 eng d | ||
| 020 | _z9781843270584 | ||
| 020 | _z1843270587 | ||
| 040 |
_aCaPaEBR _cCaPaEBR |
||
| 035 | _a(OCoLC)70722635 | ||
| 050 | 1 | 4 |
_aPS1306 _b.A1 2001eb |
| 082 | 0 | 4 |
_a813.4 _222 |
| 100 | 1 |
_aTwain, Mark, _d1835-1910. |
|
| 245 | 1 | 4 |
_aThe Adventures of Tom Sawyer _h[electronic resource] / _cMark Twain. |
| 260 |
_aLondon : _bElectric Book Co., _cc2001. |
||
| 300 | _a269 p. | ||
| 533 |
_aElectronic reproduction. _bPalo Alto, Calif. : _cebrary, _d2009. _nAvailable via World Wide Web. _nAccess may be limited to ebrary affiliated libraries. |
||
| 600 | 1 | 0 |
_aTwain, Mark, _d1835-1910. |
| 650 | 0 |
_aBoys _xTravel _zMississippi River _vFiction. |
|
| 651 | 0 |
_aMississippi River _vFiction. |
|
| 651 | 0 |
_aMissouri _vFiction. |
|
| 655 | 7 |
_aElectronic books. _2local |
|
| 710 | 2 | _aebrary, Inc. | |
| 856 | 4 | 0 |
_uhttp://site.ebrary.com/lib/rucke/Doc?id=10015112 _zAn electronic book accessible through the World Wide Web; click to view |
| 999 |
_c11367 _d11367 |
||